| 000 | 01216nam a2200229Ia 4500 | ||
|---|---|---|---|
| 003 | OSt | ||
| 005 | 20210721102255.0 | ||
| 008 | 210310s1993 ck gf 000 0 spa d | ||
| 020 | _a9589040225 | ||
| 040 |
_aCO-JMCR _cCO-JMCR |
||
| 041 | 0 | _aspa | |
| 082 |
_a332.0986 / _bC766c _223 |
||
| 111 | 2 |
_aConvención Bancaria y de Entidades Financieras _n(28 a : _d1993 : _cCartagena) _938589 |
|
| 245 | 0 | 0 |
_aBanca 93 : _bmemorias de la XXVIII Convención Bancaria y de Entidades Financieras, Cartagena, mayo 20 y 21 de 1993 |
| 260 |
_aCartagena, Colombia : _bAsociación Bancaria y de entidades Financieras de Colombia, _c1993. |
||
| 300 |
_a233 páginas : _c24 cm. |
||
| 490 | 0 |
_aBanca ; _v93 |
|
| 505 | 0 | _aSesión de instalación. -- Supervisión comprensiva y consolidado. -- El fidecomiso como instrumento de apoyo en el manejo de proyectos de infraestructura concesionada en México. -- Hacia una mayor liberación norteamericana. -- La banca cooperativa en el nuevo marco de apertura y desregulación. -- Reformas financieras en América Latina. | |
| 650 | 1 | 4 |
_aInstituciones financieras _vCongresos, conferencias _zColombia _926984 |
| 650 | 2 | 4 |
_aBancos _vCongresos, conferencias _zColombia _938590 |
| 942 |
_2ddc _cBK |
||
| 999 |
_c11988 _d11988 |
||